000 00284nam a22001337a 4500
008 170919b xxu||||| |||| 00| 0 eng d
020 _a9781929194216
041 _aeng
080 _a7
100 _a44
101 _aART
245 _aTHE ART OF WAR
_cGAGLIARDI, G
942 _2udc
_cBK
999 _c28157
_d28157